00375nam a2200109Ia 4500008004100000041000800041082000800049100010700057245004200164260005100206300000800257221007s9999 xx 000 0 und d aeng bSHI aShivdekar Ashwini - 2k131104; Prof.Manasi Javadekar - Guide & [Company Name] - VLD Healthcare PVT LTD aEmployee Engagement at VLD Healthcare cSep-14bSavitribai Phule Pune UniversityaPune a77p